Sports Quiz

Random Sports or NFL Quiz

NFL Playoff Passing Leaders Quiz Stats

 Plays Quiz Updated Feb 6, 2018

Challenge
Share
Tweet
Embed
Score 0/22 Timer 04:00
1 Play Today
Yards Player % Correct
10,226Tom Brady
99.7%
7,339Peyton Manning
99.3%
2,815Eli Manning
98.7%
5,855Brett Favre
96.3%
4,510Dan Marino
94.5%
5,772Joe Montana
94.5%
4,964John Elway
94.2%
4,458Aaron Rodgers
94.1%
4,209Drew Brees
93.1%
5,256Ben Roethlisberger
91%
3,223Joe Flacco
90.3%
Yards Player % Correct
3,952Kurt Warner
89.9%
3,849Troy Aikman
89.4%
3,326Steve Young
88.8%
3,833Terry Bradshaw
86.4%
3,752Donovan McNabb
86.4%
3,863Jim Kelly
82.3%
2,870Warren Moon
78.9%
2,791Roger Staubach
73.2%
2,777Russell Wilson
73%
2,741Matt Hasselbeck
69.1%
2,672Matt Ryan
53.4%

You're not logged in!

Compare scores with friends on all Sporcle quizzes.
OR
Log In

You Might Also Like...

Show Comments

Extras

Top Quizzes Today


Score Distribution

Your Account Isn't Verified!

In order to create a playlist on Sporcle, you need to verify the email address you used during registration. Go to your Sporcle Settings to finish the process.

Report this User

Report this user for behavior that violates our Community Guidelines.

Details: